000 00683nam a2200205Ia 4500
001 9662
003 GE_BSU
008 181216s||||||||xx |||||||||||||| ||und||
040 _cGE_BSU
080 _a821.353.1–1
100 _aმირცხულავა,ალიო
245 _aლექსები
245 _cშეადგ.მერაბ მირცხულავამ.სარედ.კოლ.გრიგოლ აბაშიძე და სხვ.
260 _aთბილისი
260 _bსაბჭოთა საქართველო
260 _c1983
300 _a154გვ.17სმ.
653 _aლექსები
942 _cBK
999 _c42946
_d42946